Prospecting for minerals / (Record no. 8426)
[ view plain ]
| 000 -LEADER | |
|---|---|
| fixed length control field | 00647nam a22002292 4500 |
| 001 - CONTROL NUMBER | |
| JCCL Control Number | 8426 |
| 003 - CONTROL NUMBER IDENTIFIER | |
| JCCL marc code | UkOxU |
| 005 - DATE AND TIME OF LATEST TRANSACTION | |
| control field | 20180224164822.0 |
| 008 - FIXED-LENGTH DATA ELEMENTS--GENERAL INFORMATION | |
| fixed length control field | 700121s1963 ru a 000 0 eng |
| 035 ## - SYSTEM CONTROL NUMBER | |
| system control number | (BD-JCCh) 8426 |
| 040 ## - CATALOGING SOURCE | |
| Original cataloging agency | DLC |
| Transcribing agency | DLC |
| Modifying agency | EQO |
| 041 1# - LANGUAGE CODE | |
| Language code of Book | engrus |
| 050 0# - LIBRARY OF CONGRESS CALL NUMBER | |
| Classification number | TN270 |
| Item number | .K513 |
| 082 ## - DEWEY DECIMAL CLASSIFICATION NUMBER | |
| Classification number | 622/.1 |
| Author mark and Year | KIT 1963 |
| 100 1# - MAIN ENTRY--PERSONAL NAME | |
| Personal name | Kitaĭskiĭ, E. D. |
| 245 10 - TITLE STATEMENT | |
| Title | Prospecting for minerals / |
| Statement of responsibility, etc | [Compiled by Y. D. Kitaisky. Translated from the Russian by A. Gurevich] |
| 260 ## - PUBLICATION, DISTRIBUTION, ETC. (IMPRINT) | |
| Place of publication, distribution, etc | Moscow : |
| Name of publisher, distributor, etc | Foreign Languages Pub. House, |
| Date of publication, distribution, etc | [1963] |
| 300 ## - PHYSICAL DESCRIPTION | |
| Pagination | 207 p. |
| Other physical details | illus. |
| Dimensions | 21 cm. |
| 650 #0 - SUBJECT ADDED ENTRY--TOPICAL TERM | |
| Topical term or geographic name as entry element | Prospecting. |
| 942 ## - ADDED ENTRY ELEMENTS (KOHA) | |
| Source of classification or shelving scheme | Dewey Decimal Classification |
| Koha item type | Books |
| Source of classification or shelving scheme | Damaged status | Not for loan | Home library | Current library | Shelving location | Date of accession | Total Checkouts | Full call number | Barcode | Date last seen | Copy number | Koha item type |
|---|---|---|---|---|---|---|---|---|---|---|---|---|
| Dewey Decimal Classification | JCC Rouf Library | JCC Rouf Library | General Stacks | 02/24/2018 | 622/.1 KIT 1963 | 10968 | 02/24/2018 | C - 1 | Books |